<?xml version="1.0" encoding="UTF-8"?>
<collection xmlns="http://www.loc.gov/MARC21/slim">
 <record>
  <leader>00973nam a2200181 a 4500</leader>
  <controlfield tag="001">1/31917</controlfield>
  <controlfield tag="008">060115s1983    gr            000 0 gre  </controlfield>
  <datafield tag="035" ind1=" " ind2=" ">
   <subfield code="l">34252</subfield>
  </datafield>
  <datafield tag="040" ind1=" " ind2=" ">
   <subfield code="a">GR-PeUP</subfield>
  </datafield>
  <datafield tag="082" ind1="0" ind2="0">
   <subfield code="a">Π 378.0025 ΟΔΗ</subfield>
  </datafield>
  <datafield tag="245" ind1="0" ind2="0">
   <subfield code="a">Οδηγός σπουδών :</subfield>
   <subfield code="b">ακαδημαϊκά έτη 1982-1984 /</subfield>
   <subfield code="c">Ανωτάτη Βιομηχανική Σχολή Πειραιά.</subfield>
  </datafield>
  <datafield tag="260" ind1=" " ind2=" ">
   <subfield code="a">Πειραιάς :</subfield>
   <subfield code="b">Ανωτάτη Βιομηχανική Σχολή Πειραιά,</subfield>
   <subfield code="c">1983.</subfield>
  </datafield>
  <datafield tag="300" ind1=" " ind2=" ">
   <subfield code="a">122 σ. ;</subfield>
   <subfield code="c">20 εκ.</subfield>
  </datafield>
  <datafield tag="500" ind1=" " ind2=" ">
   <subfield code="a">Πρυτανεία Ελευθ. Α. Γεωργαντόπουλου.</subfield>
  </datafield>
  <datafield tag="650" ind1=" " ind2="4">
   <subfield code="a">Εκπαίδευση, Ανώτατη</subfield>
   <subfield code="z">Ελλάδα</subfield>
   <subfield code="x">Οδηγοί.</subfield>
  </datafield>
  <datafield tag="710" ind1="2" ind2=" ">
   <subfield code="a">Ανωτάτη Βιομηχανική Σχολή Πειραιώς.</subfield>
  </datafield>
  <datafield tag="852" ind1=" " ind2=" ">
   <subfield code="a">INST</subfield>
   <subfield code="b">UNIPILB</subfield>
   <subfield code="c">REF</subfield>
   <subfield code="e">20070123</subfield>
   <subfield code="h">Π 378.0025 ΟΔΗ</subfield>
   <subfield code="p">00151758</subfield>
   <subfield code="q">00151758</subfield>
   <subfield code="t">NOLOAN</subfield>
   <subfield code="y">23</subfield>
   <subfield code="4">1</subfield>
  </datafield>
  <datafield tag="852" ind1=" " ind2=" ">
   <subfield code="a">INST</subfield>
   <subfield code="b">UNIPILB</subfield>
   <subfield code="c">REF</subfield>
   <subfield code="e">20130124</subfield>
   <subfield code="h">Π 378.0025 ΟΔΗ</subfield>
   <subfield code="p">00165783</subfield>
   <subfield code="q">00165783</subfield>
   <subfield code="t">NOLOAN</subfield>
   <subfield code="y">23</subfield>
   <subfield code="4">2</subfield>
  </datafield>
 </record>
</collection>
